| 000 -LEADER |
| fixed length control field |
00628cam a22001457a 4500 |
| 008 - FIXED-LENGTH DATA ELEMENTS--GENERAL INFORMATION |
| fixed length control field |
180718b1998 xxu||||| |||| 00| 0 eng d |
| 082 ## - DEWEY DECIMAL CLASSIFICATION NUMBER |
| Classification number |
A81x54 91/4/PT 5A&5B/D |
| 100 ## - MAIN ENTRY--PERSONAL NAME |
| Personal name |
Census of India 1991 |
| 245 ## - TITLE STATEMENT |
| Title |
Assam: migration tables |
| 260 ## - PUBLICATION, DISTRIBUTION, ETC. |
| Place of publication, distribution, etc. |
Delhi |
| Name of publisher, distributor, etc. |
The Controller of Publications |
| Date of publication, distribution, etc. |
1998 |
| 300 ## - PHYSICAL DESCRIPTION |
| Extent |
2 vols. |
| 440 ## - SERIES STATEMENT/ADDED ENTRY--TITLE |
| Title |
Census of India 1991. Series-4, Assam. Part VA & VB - D series |
| 500 ## - GENERAL NOTE |
| General note |
Contents: v.1. 1255+p. Tables D-1, D-2, D-3, D-4, D-5, D-6, D-7, D-8, D-9, D-10, D-11(S), D-11(F), D-12, D-13 and D-14;v.2. 1309+p. Tables D-15, D-16(A), D-16(B) and D-17 |
| 650 ## - SUBJECT ADDED ENTRY--TOPICAL TERM |
| Topical term or geographic name entry element |
Assam - Migration, Internal - Census |